000 00404nam a2200169 a 4500
001 0000-9167
003 ELIB.Books
008 110520 1981
035 _a(ELIB.Books)0000-9319
082 _a301.42
_bWor
100 _aWord, Ted
245 _aValues being at home
260 _bWeaton: Victor Books
_c1981
650 _aSocial
942 _2ddc
_cBK
998 _cbat
_e2011-05-20
999 _c9167
_d9167